| 000 | 01031nam a22002057a 4500 | ||
|---|---|---|---|
| 003 | AM-YeHGA | ||
| 005 | 20250617153917.0 | ||
| 008 | 180219s1964 |||||||| |||| 00| 0 rus d | ||
| 040 | _aAM-YeHGA | ||
| 041 | 0 |
_arus _asah |
|
| 245 | 0 | 0 |
_aЯкутские сказки : _bВ двух томах/ _cАН СССР. Якутский филиал Сибирского отделения ин-т языка, литературы и истории. |
| 260 |
_aЯкутск : _bЯкутское книжное изд-во, _c1964- |
||
| 300 | _aтом | ||
| 500 | _aЗагл. и текст на якутском и русск. языках | ||
| 505 | 1 | 0 |
_gТ. 1 (1964, 308 с.) _tИзд. подгот. Г.У. Эргис. _gТ. 2 (1966, 281 с.) _tИзд. подгот. Г.У. Эргис. |
| 653 | 0 | _aЯкутские сказки | |
| 710 | 2 |
_aИн-т языка, литературы и истории _bЯкутский филиал Сибирского отделения АН СССР |
|
| 942 |
_2udc _cBK |
||
| 090 | _c402694 | ||
| 999 |
_c400495 _d400495 |
||